| 000 | 00503nam a2200181Ia 4500 | ||
|---|---|---|---|
| 001 | 24686 | ||
| 005 | 20260414151100.0 | ||
| 008 | 260414t2009||||xx |||||||||||||| ||spa|| | ||
| 041 | _aESP | ||
| 082 |
_a345.721 _bS71 |
||
| 100 |
_aSoto Coaguila, Carlos Alberto (Dir.) _eAUT |
||
| 245 | 0 |
_aConvención de Nueva York de 1958. Reconocimiento y ejecución de sentencias arbitrales extranjeras _b |
|
| 260 | _c2009 | ||
| 300 |
_a _c24 cm. |
||
| 650 | _aDER | ||
| 654 | _aCDE | ||
| 942 |
_cLIB _dJUS _fJUS _2ddc _n |
||
| 999 |
_c24686 _d24686 |
||